| 000 | 00353pam a2200133 a 4500 | ||
|---|---|---|---|
| 020 |
_a0-273-31748-2 _c |
||
| 041 | _h | ||
| 082 |
_a658.5 _bNIC/PUL |
||
| 100 | _aNICHOLSON T.A.J.,PULLEN R.D., | ||
| 245 |
_aCOMPUTERS IN PRODUCTION MANAGEMENT DECISIONS _hTextual Documents |
||
| 260 |
_aKENYA _bPITMAN PUBLISHING _c1974 |
||
| 300 | _aX+178 | ||
| 930 | _a6020 | ||
| 999 |
_c125491 _d125491 |
||